Quizz Marvel - Estadísticas

Estadísticas generales
  • Esta prueba ha sido intentada 257 veces
  • La puntuación promedio es 6 de 10
Estadísticas de respuestas
Pregunta Respuesta % Correcto
¿Cuál es la película de Marvel con la clasificación MPA más alta? Deadpool saga
85%
¿Cuál es la primera aparición del Spiderman de Tom Holland? Capitán américa: Civil War
81%
¿En que película se hace mención de ir a comer a un shawarma? Los vengadores
75%
Qué actor da vida a Daredevil en la versión de 2003 Ben Aflleck
73%
De los siguientes actores, ¿cuál de ellos ha interpretado a más de un personaje en Marvel? Aaron Taylor-Johnson
58%
¿Quién es el villano de Spider-man 3 de Sam Raimi? Eddie Brock
57%
En "Thor: Ragnarok" (2017), ¿qué actor aparece interpretando a "The Grandmaster", el líder de Sakaar, que es conocido por su naturaleza excéntrica y su amor por el caos? Jeff Goldblum
51%
¿Cuál es la clasificación más alta del MPA a una película de Marvel? R (Los menores de 17 han de ir acompañados)
39%
¿Cuántas películas se han hecho de los 4 fantásticos? (Teniendo en cuenta seculeas y remakes) Sin contar la que se estrenará en 2025 4
35%
Dentro de lo que conocemos como el universo cinematográfico de Marvel (UCM), ¿En qué película se produce la primera aparición de dos superhéroes distintos? El increíble Hulk
31%
No se encontraron pruebas coincidentes
Distribución de puntuación
Porcentaje de gente con cada puntuación
Porcentaje por número respondido
Historial de tus puntuaciones
No has intentado esta prueba.